00493nam a2200169Ia 4500008004100000040001800041041000800059100001800067245004400085250001200129260006400141300001800205650001300223650002800236651001200264651004700276130821s1913 fr gr spa  aCo-BoUCMbspa aspa aThiers, M. A. aRevolución francesacPor M. A. Thiers a3a. ed. aParís (Francia)bLibrería de la Vda de Ch. Bouretc1913 a3 volúmenes04aHistoria04aRevolucióny1789-1799 aFrancia aFranciaxHistoriaxRevolucióny1789-1799